000 00554nam a2200193Ia 4500
003 IN-BaIIA
008 211028s9999 xx 000 0 eng d
020 _a0-12-552550-8
040 _cIIA Library
080 _a517.3
_bPES
100 _aPesin, Ivan N
_97296
245 0 _aClassical and modern integration theories
_cIvan N. Pesin
260 _aNew York
_bAcademic Press
_c1970
300 _axviii, 195p.
490 _aProbability and Mathematical Statistics Series
650 _aNASA Thesaurus
650 _aTheory of integration
_97297
942 _cBK
999 _c4147
_d4147